La política fiscal /

Guardado en:
Detalles Bibliográficos
Autor principal: Kautsky, Karl (autor)
Formato: Libro
Idioma:Español
Colección:(Materiales de Cultura y Divulgación Política Mexicana ; 14)
Temas:
Etiquetas: Agrega una etiqueta
Sin etiquetas, Sé el primero en etiquetar este registro!

MARC

LEADER 00000nam^a2200000^a^4500
001 000121142
005 20250521000000.0
009 20260310094416.567
037 |a Acervo ITESO - Biblioteca 
041 |a ESP 
082 |a 336. 3  |b KAU 
100 |a Kautsky, Karl  |e (autor) 
245 1 3 |a La política fiscal /  |c K. Kautsky. 
264 |a México :  |b Partido Revolucionario Institucional, Comité Ejecutivo Nacional,  |c 1974 
300 |a 15 p. 
336 |a texto  |b txt  |2 rdacontenido 
337 |a sin mediación  |b n  |2 rdamedio 
338 |a volumen  |b nc  |2 rdasoporte 
440 1 |a (Materiales de Cultura y Divulgación Política Mexicana ;  |v 14) 
649 |a XX 
650 |a Política Fiscal -  |x Teoría 
650 |a Impuestos 
650 |a Economía -  |x Teoría 
910 |a Fondo Salvador Reynoso Reynoso 
920 |a Impresos - Libros 
930 |a Fondos Especiales 
905 |a 112 
901 |a 0800006193  |b IT2  |c ESP  |u 20250521 
902 |a https://opac.biblio.iteso.mx/vufind/Record/000121142